000 00983nam a22002897a 4500
001 5503
003 FISKH
005 20250425125712.0
008 241213b cb ||||| |||| 00| 0 eng d
020 _a9780545610636
040 _aFISKH
_beng
_cFISKH
_dFISKH
050 _aPZ7.M33968
082 _a314
100 _aMarko, Cyndi
245 _aBok! Bok! Bok! :
_bA branches book (Kung Pow Chicken ) /
_cby Cyndi Marko
250 _aFirst Scholastic printing, April 2014
260 _aNew York :
_bScholastic ;
_c2014 .
300 _a72 pages :
_bcolor illustrations ;
_c20 cm .
505 _aN
520 _aSuperheroes Gordon Blue and his brother Benny must rescue an opera star from the evil Dr. Screech before he turns her super high voice into a supersonic weapon.
521 8 _a580
_bLexile
521 8 _aN
_bRaz-Plus
650 _asuperheroes
_vJuvenile literature
650 _achicken
_vJuvenile literature
942 _2ddc
_cBK
_n0
999 _c5503
_d5503